Die Sagan

Titel: Die Sagan : das Leben der Herzogin Wilhelmine von Sagan, Prinzessin von Kurland / Clemens Brühl
Verfasser:
Ausgabe: 4. Aufl, neue Fassung
Veröffentlicht: Berlin : Steuben, [1942]
Umfang: 463 S. : Ill. ; 8°
Format: Buch
Sprache: Deutsch
Schlagworte:
Kein Bild verfügbar
X
Lokale Klassifikation: 46 8 M 1 ; 46 2 M ; 44 10 F ; 46 8 K 72 ; 20 7 H ; 14 8 S 40 ; 23 8 N 30
alg: 20313364
001A    $03004:21-08-08 
001B    $01999:03-06-23 $t03:34:37.000 
001C    $03004:21-08-08 $t10:09:00.000 
001D    $03004:21-08-08 
001U    $0utf8 
001X    $00 
002@    $0Aay 
003@    $0203133641 
003O    $0263451862 $aOCoLC 
007A    $0203133641 $aHEB 
010@    $ager 
011@    $a1942 $n[1942] 
021A    $aDie @Sagan $ddas Leben der Herzogin Wilhelmine von Sagan, Prinzessin von Kurland $hClemens Brühl 
028A    $7 $8Brühl, Clemens [Tnd] $9137598157 
032@    $a4. Aufl, neue Fassung 
033A    $pBerlin $nSteuben 
034D    $a463 S. 
034I    $a8° 
034M    $aIll. 
044K    $#Biron von Curland, Wilhelmine $#Biron von Kurland, Wilhelmine $#Wilhelmine  $#Rohan-Guémenée, Katharina Friedricha Wilhelmina Benigna $#Schulenburg, Katharina Friedricha Wilhelmina Benigna $#Sagan, Katherine Friderike Wilhelmine Benigna von $#Bühren, Katharina Friedricha Wilhelmina Benigna $#Kateřina  $#Trubeckaja, Ekaterina F. $#Sagan, Wilhelmine von $#Biron, Wilhelmine von $#Kurland, Katharina von $#Courlande, Catharine de $711860483X $8$PWilhelmine$lSagan, Herzogin$Z1781-1839 [Tp1] $9086945815 
045F    $a910.94796 $eDDC23BSB 
045F/01 $a910 
045F/03 $g4796 
045G    $a800 $eDDC23BSB 
045G/01 $a800 
045G/03 $g479 
045H    $a900.943609033 $eDDC23BSB 
045H/01 $a900 
045H/03 $f09033 
045H/03 $g436 

lok: 20313364 24
101B    $010-07-14 $t15:09:12.000 
101C    $021-08-08 
101U    $0utf8 
145Z/01 $a46 8 M 1 
145Z/02 $a46 2 M 
145Z/03 $a44 10 F 
145Z/04 $a46 8 K 72 
145Z/05 $a20 7 H 
145Z/06 $a14 8 S 40 
145Z/07 $a23 8 N 30 

exp: 20313364 24 1 #EPN
201B/01 $011-07-14 $t07:01:51.000 
201C/01 $021-08-08 
201U/01 $0utf8 
203@/01 $0548464391 
208@/01 $a21-08-08 $bz 
209A/01 $aKR/ XVI R 264 $dd $f050 $hKR 16 R 264 $x00 
209A/01 $aKurländische Ritterschaft $x01 
209A/01 $aBaltische Ritterschaften $x02 
209G/01 $a72263715 $x00 
220C/01 $aCaS 
244Z/01 $#Biron von Curland, Wilhelmine $#Biron von Kurland, Wilhelmine $#Wilhelmine  $#Rohan-Guémenée, Katharina Friedricha Wilhelmina Benigna $#Schulenburg, Katharina Friedricha Wilhelmina Benigna $#Sagan, Katherine Friderike Wilhelmine Benigna von $#Bühren, Katharina Friedricha Wilhelmina Benigna $#Kateřina  $#Trubeckaja, Ekaterina F. $#Sagan, Wilhelmine von $#Biron, Wilhelmine von $#Kurland, Katharina von $#Courlande, Catharine de $711860483X $8--Tp1--$PWilhelmine$lSagan, Herzogin$Z1781-1839 $x01 $9086945815 
247C/01 $8358050-7 Marburg, Bibliothek des Herder-Instituts Marburg $9102600961 

exp: 20313364 24 2 #EPN
201B/02 $011-07-14 $t07:00:57.000 
201C/02 $010-07-14 
201U/02 $0utf8 
203@/02 $0734558759 
208@/02 $a11-07-14 $bz 
209A/02 $a14.06712 $du $f050 $h14 06712 $x00 
209C/02 $a14.06712 T $h14 06712 T 
209G/02 $a73421594 $x00 
220C/02 $ahae 
244Z/02 $#Biron von Curland, Wilhelmine $#Biron von Kurland, Wilhelmine $#Wilhelmine  $#Rohan-Guémenée, Katharina Friedricha Wilhelmina Benigna $#Schulenburg, Katharina Friedricha Wilhelmina Benigna $#Sagan, Katherine Friderike Wilhelmine Benigna von $#Bühren, Katharina Friedricha Wilhelmina Benigna $#Kateřina  $#Trubeckaja, Ekaterina F. $#Sagan, Wilhelmine von $#Biron, Wilhelmine von $#Kurland, Katharina von $#Courlande, Catharine de $711860483X $8--Tp1--$PWilhelmine$lSagan, Herzogin$Z1781-1839 $x01 $9086945815 
247C/02 $8358050-7 Marburg, Bibliothek des Herder-Instituts Marburg $9102600961 

lok: 20313364 204

exp: 20313364 204 1 #EPN
201B/01 $017-10-16 $t09:48:20.000 
201C/01 $017-10-16 
201U/01 $0utf8 
203@/01 $0785205454 
208@/01 $a17-10-16 $bzUB 
209A/01 $aM 29192/65000 $du $f000 $hm 29192 65000 $x00 
209G/01 $a12261330 $x00 
245S/01 $a83000 $x01 
247C/01 $8631000-x <26>Gießen, Universität Gießen, Universitätsbibliothek Gießen $9102596697
LEADER 00000cam a22000002c 4500
001 203133641
003 DE-603
005 20230603033437.0
007 tu
008 080821s1942 xx |||| | u00||u|ger c
035 |a (DE-599)HEB203133641 
035 |a (OCoLC)263451862 
040 |a DE-603  |b ger  |c DE-603  |d DE-603 
041 |a ger 
082 0 4 |8 1\u  |a 910.94796  |q DE-101  |2 23/BSB 
083 0 |8 2\u  |a 800  |q DE-101  |2 23/BSB 
083 0 |8 3\u  |a 900.943609033  |q DE-101  |2 23/BSB 
085 |8 1\u  |b 910 
085 |8 1\u  |z 2  |s 4796 
085 |8 2\u  |b 800 
085 |8 2\u  |z 2  |s 479 
085 |8 3\u  |b 900 
085 |8 3\u  |z 1  |s 09033 
085 |8 3\u  |z 2  |s 436 
100 1 |a Brühl, Clemens  |0 (DE-603)137598157 
245 0 0 |a ˜Dieœ Sagan  |b das Leben der Herzogin Wilhelmine von Sagan, Prinzessin von Kurland  |c Clemens Brühl 
250 |a 4. Aufl, neue Fassung 
264 1 |a Berlin  |b Steuben  |c [1942] 
300 |a 463 S.  |b Ill.  |c 8° 
600 0 7 |a Wilhelmine  |c Sagan, Herzogin  |d 1781-1839  |0 (DE-588)11860483X  |0 (DE-603)086945815  |2 gnd 
924 0 |9 Mb 50  |a (DE-603)548464391  |b DE-Mb50  |c HES  |d d  |g KR/ XVI R 264 
924 0 |9 Mb 50  |a (DE-603)734558759  |b DE-Mb50  |c HES  |d c  |g 14.06712 
924 0 |9 26  |a (DE-603)785205454  |b DE-26  |c HES  |d c  |g M 29192/65000